US president names by mandate year or middle name - Statistics

General Stats
  • This quiz has been taken 15 times
  • The average score is 21 of 28
Answer Stats
Hint Answer % Correct
Hussein Barack Obama
91%
David Dwight Eisenhower
91%
January 20, 2021 Joe Biden
91%
Fitzgerald John Kennedy
91%
January 20, 2009 Barack Obama
82%
January 20, 2017 Donald Trump
82%
Herbert Walker George Bush
82%
Walker George Bush
82%
Milhous Richard Nixon
82%
January 20, 1993 Bill Clinton
73%
John Donald Trump
73%
January 20, 2001 George Bush
73%
August 9, 1974 Gerald Ford
73%
April 12, 1945 Harry Truman
73%
S. Harry Truman
73%
January 20, 1977 Jimmy Carter
73%
Robinette Joe Biden
73%
January 20, 1961 John Kennedy
73%
Baines Lyndon Johnson
73%
January 20, 1969 Richard Nixon
73%
January 20, 1981 Ronald Reagan
73%
Jefferson Bill Clinton
64%
January 20, 1953 Dwight Eisenhower
64%
January 20, 1989 George Bush
64%
Rudolph Gerald Ford
64%
Wilson Ronald Reagan
64%
Earl Jimmy Carter
55%
November 22, 1963 Lyndon Johnson
55%
No matching quizzes found
Score Distribution
Percent of People with Each Score
Percentile by Number Answered
Your Score History
You have not taken this quiz